000
00290nam a2200121Ia 4500
008
220204s9999 xx 000 0 und d
082
_a
82-3
_b
GOS
100
_a
Gosch, Martin A
245
4
_a
The Luciano testament
260
_a
London
_b
Pan
_c
1976
700
_a
Hammer, Richard
942
_c
BK
999
_c
28541
_d
28541